[Event "Barcelona Sant Marti op 8th"]
[Site "Barcelona"]
[Date "2019.01.17"]
[Round "1"]
[White "Garcia Vidueira, Juan Carlos"]
[Black "Vargas Drechsler, Carlos"]
[Result "0-1"]
[WhiteElo "1610"]
[BlackElo "1895"]
[PlyCount "48"]
[EventDate "2019.01.17"]
[EventType "swiss"]
[EventRounds "9"]
[EventCountry "ESP"]
[SourceTitle "CBM 189 Extra"]
[Source "ChessBase"]
[SourceDate "2019.06.03"]
[SourceVersion "1"]
[SourceVersionDate "2019.06.03"]
[SourceQuality "1"]

1. d4 Nf6 2. c4 c5 3. d5 e6 4. dxe6 fxe6 5. Nc3 d5 6. cxd5 exd5 7. e3 Nc6 8. Bb5 a6 9. Bxc6+ bxc6 10. Qa4 Bd7 11. Nf3 Bd6 12. b3 0-0 13. 0-0 Qc7 14. h3 Rab8 15. Qxa6 c4 16. bxc4 Ra8 17. Qxa8 Rxa8 18. cxd5 cxd5 19. Bb2 Rb8 20. Rfb1 Rxb2 21. Rxb2 Qxc3 22. Rab1 Bf5 23. Rb3 Qc2 24. R1b2 Qc1+ 0-1